|
|
|
|
| LEADER |
00000cam a2200000 7i4500 |
| 001 |
0000000824 |
| 005 |
20220105103914.0 |
| 008 |
070703 |
| 020 |
|
|
|a 9831280717
|
| 090 |
0 |
0 |
|a JP
|b MOR ENG (391)
|
| 100 |
1 |
|
|a Helen Juliana
|
| 245 |
1 |
4 |
|a The selfish squirrel
|c Helen Juliana
|
| 260 |
|
|
|a Kuala Lumpur :
|b Penerbitan Fargoes ,
|c 2004
|
| 440 |
|
0 |
|a English moral science
|
| 500 |
|
|
|a Children age 4-6 years old (yellow)
|
| 650 |
|
0 |
|a English fiction
|
| 999 |
|
|
|a 0000897445
|b Book
|c Children Collection
|e Cawangan Segamat
|
| 999 |
|
|
|a 0000897446
|b Book
|c Children Collection
|e Cawangan Segamat
|
| 999 |
|
|
|a 0000897451
|b Book
|c Children Collection
|e Cawangan Tangkak
|
| 999 |
|
|
|a 0000897452
|b Book
|c Children Collection
|e Cawangan Tangkak
|
| 999 |
|
|
|a 0000953235
|b Book
|c Children Collection
|e Perbadanan Perpustakaan Awam Johor
|
| 999 |
|
|
|a 0000953236
|b Book
|c Children Collection
|e Cawangan Tmn. Ungku Tun Aminah
|
| 999 |
|
|
|a 0000953237
|b Book
|c Children Collection
|e Perbadanan Perpustakaan Awam Johor
|
| 999 |
|
|
|a 0000953238
|b Book
|c Children Collection
|e Cawangan Tmn. Ungku Tun Aminah
|
| 999 |
|
|
|a 0000953239
|b Book
|c Children Collection
|e Cawangan Batu Pahat
|
| 999 |
|
|
|a 0000983450
|b Book
|c Children Collection
|e Perbadanan Perpustakaan Awam Johor
|
| 999 |
|
|
|a 0000983451
|b Book
|c Children Collection
|e Perbadanan Perpustakaan Awam Johor
|
| 999 |
|
|
|a 0000983452
|b Book
|c Children Collection
|e Perbadanan Perpustakaan Awam Johor
|
| 999 |
|
|
|a 0000983453
|b Book
|c Children Collection
|e Perbadanan Perpustakaan Awam Johor
|
| 999 |
|
|
|a 0000983454
|b Book
|c Children Collection
|e Perbadanan Perpustakaan Awam Johor
|